[Event "DVM U20 2023"]
[Site "Magdeburg GER"]
[Date "2023.12.27"]
[Round "1"]
[White "Buchinger, Alexis"]
[Black "Epp, Magnus"]
[Result "1/2-1/2"]
[Termination "normal"]
[Board "5.4"]
[WhiteElo "1823"]
[BlackElo "1478"]
[WhiteClock "00:13:16"]
[BlackClock "00:00:00"]
[WhiteTeam "SF Neuberg"]
[BlackTeam "SF HN-Biberach 1978"]
[PlyCount "125"]
[WhiteFideId "16287134"]
[BlackFideId "16289773"]
[EventCountry "GER"]
[EventRounds "7"]
[EventType "team-swiss"]
[EventDate "2023.12.26"]

1. e4 {[%clk 01:30:50]} {[%emt 00:00:08]} c5 {[%clk 01:30:54]} {[%emt
00:00:07]} 2. Nf3 {[%clk 01:31:14]} {[%emt 00:00:06]} e6 {[%clk 01:31:17]}
{[%emt 00:00:08]} 3. c3 {[%clk 01:29:56]} {[%emt 00:01:47]} Nc6 {[%clk
01:22:28]} {[%emt 00:09:21]} 4. d4 {[%clk 01:28:10]} {[%emt 00:02:14]} cxd4
{[%clk 01:22:37]} {[%emt 00:00:23]} 5. cxd4 {[%clk 01:27:58]} {[%emt 00:00:41]}
d5 {[%clk 01:22:52]} {[%emt 00:00:15]} 6. exd5 {[%clk 01:26:05]} {[%emt
00:02:22]} exd5 {[%clk 01:22:00]} {[%emt 00:01:23]} 7. Nc3 {[%clk 01:24:03]}
{[%emt 00:02:31]} Nf6 {[%clk 01:21:13]} {[%emt 00:01:18]} 8. Bg5 {[%clk
01:18:59]} {[%emt 00:05:33]} Be7 {[%clk 01:21:10]} {[%emt 00:00:35]} 9. Bb5
{[%clk 01:15:58]} {[%emt 00:03:29]} O-O {[%clk 01:21:05]} {[%emt 00:00:35]} 10.
O-O {[%clk 01:15:33]} {[%emt 00:00:55]} Bg4 {[%clk 01:19:02]} {[%emt 00:02:33]}
11. Bxc6 {[%clk 01:09:36]} {[%emt 00:06:27]} bxc6 {[%clk 01:19:16]} {[%emt
00:00:16]} 12. Qd3 {[%clk 01:06:56]} {[%emt 00:03:10]} Bxf3 {[%clk 01:18:34]}
{[%emt 00:01:12]} 13. Qxf3 {[%clk 01:06:41]} {[%emt 00:00:46]} Re8 {[%clk
01:02:12]} {[%emt 00:16:51]} 14. Rfe1 {[%clk 01:00:04]} {[%emt 00:07:04]} Nd7
{[%clk 00:57:14]} {[%emt 00:05:32]} 15. Bxe7 {[%clk 00:58:55]} {[%emt
00:01:38]} Rxe7 {[%clk 00:57:42]} {[%emt 00:00:02]} 16. Re3 {[%clk 00:58:26]}
{[%emt 00:00:58]} Rxe3 {[%clk 00:57:25]} {[%emt 00:00:48]} 17. Qxe3 {[%clk
00:58:46]} {[%emt 00:00:10]} Nf6 {[%clk 00:52:51]} {[%emt 00:05:05]} 18. Rc1
{[%clk 00:56:38]} {[%emt 00:02:37]} c5 {[%clk 00:53:01]} {[%emt 00:00:20]} 19.
b3 {[%clk 00:55:08]} {[%emt 00:01:59]} Rc8 {[%clk 00:47:19]} {[%emt 00:06:13]}
20. Ne2 {[%clk 00:41:32]} {[%emt 00:14:07]} c4 {[%clk 00:41:08]} {[%emt
00:06:41]} 21. h3 {[%clk 00:35:26]} {[%emt 00:06:36]} Qa5 {[%clk 00:36:25]}
{[%emt 00:05:12]} 22. bxc4 {[%clk 00:28:25]} {[%emt 00:07:31]} dxc4 {[%clk
00:35:42]} {[%emt 00:01:13]} 23. Nc3 {[%clk 00:28:00]} {[%emt 00:00:55]} h6
{[%clk 00:29:43]} {[%emt 00:06:30]} 24. Rd1 {[%clk 00:18:30]} {[%emt 00:09:58]}
Nd5 {[%clk 00:18:35]} {[%emt 00:11:39]} 25. Nxd5 {[%clk 00:13:45]} {[%emt
00:05:15]} Qxd5 {[%clk 00:18:58]} {[%emt 00:00:08]} 26. Qc3 {[%clk 00:12:04]}
{[%emt 00:02:09]} Rc6 {[%clk 00:12:12]} {[%emt 00:07:17]} 27. Kf1 {[%clk
00:07:52]} {[%emt 00:04:42]} Rg6 {[%clk 00:12:22]} {[%emt 00:00:21]} 28. Qf3
{[%clk 00:07:13]} {[%emt 00:01:08]} Qb5 {[%clk 00:10:47]} {[%emt 00:02:06]} 29.
d5 {[%clk 00:06:21]} {[%emt 00:01:23]} c3+ {[%clk 00:08:17]} {[%emt 00:02:59]}
30. Qe2 {[%clk 00:04:10]} {[%emt 00:02:39]} c2 {[%clk 00:07:43]} {[%emt
00:01:05]} 31. Rc1 {[%clk 00:02:36]} {[%emt 00:02:04]} Qxd5 {[%clk 00:08:00]}
{[%emt 00:00:13]} 32. f3 {[%clk 00:02:16]} {[%emt 00:00:50]} Qxa2 {[%clk
00:05:07]} {[%emt 00:03:23]} 33. Qxc2 {[%clk 00:01:50]} {[%emt 00:00:56]} Qxc2
{[%clk 00:02:43]} {[%emt 00:02:54]} 34. Rxc2 {[%clk 00:02:18]} {[%emt
00:00:02]} a5 {[%clk 00:01:42]} {[%emt 00:01:31]} 35. Rc8+ {[%clk 00:02:22]}
{[%emt 00:00:27]} Kh7 {[%clk 00:02:11]} {[%emt 00:00:01]} 36. Ra8 {[%clk
00:02:44]} {[%emt 00:00:07]} Rg5 {[%clk 00:02:25]} {[%emt 00:00:17]} 37. Ra7
{[%clk 00:01:51]} {[%emt 00:01:23]} Kg6 {[%clk 00:02:36]} {[%emt 00:00:19]} 38.
Kf2 {[%clk 00:01:44]} {[%emt 00:00:36]} Rb5 {[%clk 00:02:11]} {[%emt 00:00:55]}
39. Kg3 {[%clk 00:01:03]} {[%emt 00:01:10]} h5 {[%clk 00:01:42]} {[%emt
00:01:00]} 40. Ra6+ {[%clk 00:01:15]} {[%emt 00:00:17]} f6 {[%clk 00:01:55]}
{[%emt 00:00:18]} 41. h4 {[%clk 00:29:07]} {[%emt 00:02:37]} Kf5 {[%clk
00:29:37]} {[%emt 00:02:48]} 42. Ra7 {[%clk 00:29:11]} {[%emt 00:00:27]} g6
{[%clk 00:28:59]} {[%emt 00:01:08]} 43. Kh3 {[%clk 00:28:24]} {[%emt 00:01:17]}
g5 {[%clk 00:19:30]} {[%emt 00:10:00]} 44. hxg5 {[%clk 00:28:33]} {[%emt
00:00:21]} fxg5 {[%clk 00:18:53]} {[%emt 00:01:07]} 45. g3 {[%clk 00:26:15]}
{[%emt 00:02:48]} Ke5 {[%clk 00:10:30]} {[%emt 00:08:53]} 46. Rh7 {[%clk
00:21:26]} {[%emt 00:05:17]} Kd4 {[%clk 00:09:50]} {[%emt 00:01:11]} 47. Kg2
{[%clk 00:14:55]} {[%emt 00:06:59]} g4 {[%clk 00:07:42]} {[%emt 00:02:41]} 48.
fxg4 {[%clk 00:13:54]} {[%emt 00:01:31]} hxg4 {[%clk 00:07:58]} {[%emt
00:00:14]} 49. Rg7 {[%clk 00:13:08]} {[%emt 00:01:15]} Rb2+ {[%clk 00:07:16]}
{[%emt 00:01:13]} 50. Kf1 {[%clk 00:11:57]} {[%emt 00:01:39]} Ke3 {[%clk
00:05:37]} {[%emt 00:02:12]} 51. Rxg4 {[%clk 00:12:10]} {[%emt 00:00:15]} Kf3
{[%clk 00:05:32]} {[%emt 00:00:35]} 52. Rf4+ {[%clk 00:12:32]} {[%emt
00:00:09]} Kxg3 {[%clk 00:05:59]} {[%emt 00:00:02]} 53. Ra4 {[%clk 00:12:40]}
{[%emt 00:00:20]} Rb5 {[%clk 00:05:11]} {[%emt 00:01:20]} 54. Ke2 {[%clk
00:12:46]} {[%emt 00:00:23]} Rd5 {[%clk 00:05:20]} {[%emt 00:00:20]} 55. Ke3
{[%clk 00:13:02]} {[%emt 00:00:15]} Re5+ {[%clk 00:04:27]} {[%emt 00:01:25]}
56. Kd4 {[%clk 00:12:58]} {[%emt 00:00:31]} Rh5 {[%clk 00:04:44]} {[%emt
00:00:15]} 57. Kc4 {[%clk 00:13:00]} {[%emt 00:00:27]} Kf2 {[%clk 00:03:21]}
{[%emt 00:01:53]} 58. Ra3 {[%clk 00:12:55]} {[%emt 00:00:34]} Ke2 {[%clk
00:03:32]} {[%emt 00:00:20]} 59. Rb3 {[%clk 00:13:00]} {[%emt 00:00:23]} Kd2
{[%clk 00:03:05]} {[%emt 00:00:59]} 60. Rb2+ {[%clk 00:12:51]} {[%emt
00:00:39]} Kc1 {[%clk 00:03:18]} {[%emt 00:00:16]} 61. Rb5 {[%clk 00:12:56]}
{[%emt 00:00:19]} Rxb5 {[%clk 00:03:34]} {[%emt 00:00:21]} 62. Kxb5 {[%clk
00:13:16]} {[%emt 00:00:10]} a4 {[%clk 00:00:00]} {[%emt 00:00:19]} 63. Kxa4
{[%clk 00:13:16]} 1/2-1/2

[Event "DVM U20 2023"]
[Site "Magdeburg GER"]
[Date "2023.12.27"]
[Round "1"]
[White "Gerold, Robin"]
[Black "Kolzenburg, Jan Niklas"]
[Result "0-1"]
[Termination "normal"]
[Board "5.5"]
[WhiteElo "1532"]
[BlackElo "1621"]
[WhiteClock "00:00:33"]
[BlackClock "00:01:08"]
[WhiteTeam "SF HN-Biberach 1978"]
[BlackTeam "SF Neuberg"]
[PlyCount "78"]
[WhiteFideId "16235185"]
[BlackFideId "16274830"]
[EventCountry "GER"]
[EventRounds "7"]
[EventType "team-swiss"]
[EventDate "2023.12.26"]

1. d4 {[%clk 01:30:51]} {[%emt 00:00:10]} Nf6 {[%clk 01:30:29]} {[%emt
00:00:31]} 2. Nf3 {[%clk 01:30:43]} {[%emt 00:00:38]} e6 {[%clk 01:29:10]}
{[%emt 00:01:50]} 3. Bf4 {[%clk 01:26:21]} {[%emt 00:04:52]} b6 {[%clk
01:28:17]} {[%emt 00:01:24]} 4. e3 {[%clk 01:26:27]} {[%emt 00:00:22]} Bb7
{[%clk 01:26:32]} {[%emt 00:02:15]} 5. Nbd2 {[%clk 01:24:25]} {[%emt 00:02:32]}
Be7 {[%clk 01:21:16]} {[%emt 00:05:45]} 6. c3 {[%clk 01:18:35]} {[%emt
00:06:22]} Nh5 {[%clk 01:06:56]} {[%emt 00:14:50]} 7. Bg3 {[%clk 01:17:04]}
{[%emt 00:01:59]} O-O {[%clk 00:55:01]} {[%emt 00:12:26]} 8. Be2 {[%clk
01:13:23]} {[%emt 00:04:10]} f5 {[%clk 00:51:26]} {[%emt 00:04:06]} 9. Qc2
{[%clk 01:03:40]} {[%emt 00:10:13]} Na6 {[%clk 00:36:05]} {[%emt 00:15:51]} 10.
O-O-O {[%clk 00:47:58]} {[%emt 00:16:12]} Nf6 {[%clk 00:34:22]} {[%emt
00:02:14]} 11. h3 {[%clk 00:45:58]} {[%emt 00:02:30]} c5 {[%clk 00:30:23]}
{[%emt 00:04:28]} 12. Rhg1 {[%clk 00:39:29]} {[%emt 00:06:59]} Nc7 {[%clk
00:23:22]} {[%emt 00:07:33]} 13. Bd3 {[%clk 00:31:27]} {[%emt 00:08:31]} d5
{[%clk 00:15:17]} {[%emt 00:08:35]} 14. Ne5 {[%clk 00:26:09]} {[%emt 00:05:48]}
c4 {[%clk 00:14:18]} {[%emt 00:01:28]} 15. Be2 {[%clk 00:26:32]} {[%emt
00:00:07]} b5 {[%clk 00:13:35]} {[%emt 00:01:14]} 16. f3 {[%clk 00:18:19]}
{[%emt 00:08:42]} b4 {[%clk 00:12:47]} {[%emt 00:01:19]} 17. Nb1 {[%clk
00:16:24]} {[%emt 00:02:24]} a5 {[%clk 00:07:46]} {[%emt 00:05:31]} 18. Kd2
{[%emt 00:10:13]} Nce8 {[%clk 00:07:03]} {[%emt 00:01:11]} 19. Ke1 {[%clk
00:06:17]} {[%emt 00:00:56]} Nd6 {[%clk 00:06:45]} {[%emt 00:00:49]} 20. Nd2
{[%clk 00:06:12]} {[%emt 00:00:34]} Nh5 {[%clk 00:05:17]} {[%emt 00:01:58]} 21.
Bh2 {[%clk 00:04:36]} {[%emt 00:02:07]} f4 {[%clk 00:04:00]} {[%emt 00:01:47]}
22. Bxf4 {[%clk 00:02:03]} {[%emt 00:03:02]} Rxf4 {[%clk 00:02:54]} {[%emt
00:01:36]} 23. exf4 {[%clk 00:02:13]} {[%emt 00:00:21]} Bh4+ {[%clk 00:02:55]}
{[%emt 00:00:28]} 24. g3 {[%clk 00:02:39]} {[%emt 00:00:05]} Bxg3+ {[%clk
00:02:43]} {[%emt 00:00:41]} 25. Rxg3 {[%clk 00:02:02]} {[%emt 00:01:08]} Nxg3
{[%clk 00:02:56]} {[%emt 00:00:16]} 26. Nf1 {[%clk 00:01:28]} {[%emt 00:01:05]}
Qh4 {[%clk 00:02:50]} {[%emt 00:00:33]} 27. Nxg3 {[%clk 00:01:27]} {[%emt
00:00:32]} Qxg3+ {[%clk 00:03:14]} {[%emt 00:00:06]} 28. Kd2 {[%clk 00:01:44]}
{[%emt 00:00:13]} Qxf4+ {[%clk 00:03:31]} {[%emt 00:00:12]} 29. Ke1 {[%clk
00:02:10]} {[%emt 00:00:04]} Nf5 {[%clk 00:03:11]} {[%emt 00:00:52]} 30. Rb1
{[%clk 00:01:03]} {[%emt 00:01:37]} Rf8 {[%clk 00:01:04]} {[%emt 00:02:36]} 31.
Bf1 {[%clk 00:00:56]} {[%emt 00:00:38]} Rf6 {[%clk 00:00:59]} {[%emt 00:00:35]}
32. Qd2 {[%clk 00:00:46]} {[%emt 00:00:40]} Qh4+ {[%clk 00:00:46]} {[%emt
00:00:43]} 33. Qf2 {[%clk 00:00:45]} {[%emt 00:00:31]} Qf4 {[%clk 00:00:54]}
{[%emt 00:00:21]} 34. Qd2 {[%clk 00:01:09]} {[%emt 00:00:14]} Qg3+ {[%clk
00:00:40]} {[%emt 00:00:37]} 35. Qf2 {[%clk 00:01:31]} {[%emt 00:00:08]} Qg5
{[%clk 00:00:55]} {[%emt 00:00:14]} 36. Qd2 {[%clk 00:01:42]} {[%emt 00:00:21]}
Qh5 {[%clk 00:01:12]} {[%emt 00:00:12]} 37. cxb4 {[%clk 00:01:00]} {[%emt
00:01:13]} axb4 {[%clk 00:00:42]} {[%emt 00:01:00]} 38. Qxb4 {[%clk 00:01:09]}
{[%emt 00:00:21]} Nxd4 {[%clk 00:00:45]} {[%emt 00:00:27]} 39. Ng4 {[%clk
00:00:33]} {[%emt 00:01:07]} Nc2+ {[%clk 00:01:08]} {[%emt 00:00:06]} 0-1

[Event "DVM U20 2023"]
[Site "Magdeburg GER"]
[Date "2023.12.27"]
[Round "1"]
[White "Feick, Claas Marten"]
[Black "Martsfeld, Jonas"]
[Result "1-0"]
[Termination "normal"]
[Board "5.6"]
[WhiteElo "1575"]
[BlackElo "1421"]
[WhiteClock "00:44:23"]
[BlackClock "00:07:26"]
[WhiteTeam "SF Neuberg"]
[BlackTeam "SF HN-Biberach 1978"]
[PlyCount "79"]
[WhiteFideId "34634169"]
[BlackFideId "16255640"]
[EventCountry "GER"]
[EventRounds "7"]
[EventType "team-swiss"]
[EventDate "2023.12.26"]

1. d4 {[%clk 01:30:58]} {[%emt 00:00:02]} c5 {[%clk 01:30:54]} {[%emt
00:00:06]} 2. d5 {[%clk 01:31:19]} {[%emt 00:00:08]} d6 {[%clk 01:31:19]}
{[%emt 00:00:05]} 3. c4 {[%clk 01:31:34]} {[%emt 00:00:15]} g6 {[%clk
01:30:27]} {[%emt 00:01:22]} 4. e4 {[%clk 01:31:18]} {[%emt 00:00:46]} Bg7
{[%clk 01:30:48]} {[%emt 00:00:10]} 5. Nf3 {[%clk 01:31:21]} {[%emt 00:00:26]}
Nf6 {[%clk 01:18:30]} {[%emt 00:12:49]} 6. Nc3 {[%clk 01:31:30]} {[%emt
00:00:20]} O-O {[%clk 01:12:41]} {[%emt 00:06:19]} 7. Bd3 {[%clk 01:30:15]}
{[%emt 00:01:45]} Na6 {[%clk 00:55:04]} {[%emt 00:18:07]} 8. O-O {[%clk
01:29:44]} {[%emt 00:01:01]} Re8 {[%clk 00:52:35]} {[%emt 00:02:59]} 9. Re1
{[%clk 01:29:26]} {[%emt 00:00:48]} Ng4 {[%clk 00:46:32]} {[%emt 00:06:32]} 10.
h3 {[%clk 01:26:23]} {[%emt 00:03:35]} Ne5 {[%clk 00:44:28]} {[%emt 00:02:33]}
11. a3 {[%clk 01:26:51]} {[%emt 00:00:02]} Nc7 {[%clk 00:44:23]} {[%emt
00:00:36]} 12. Kh1 {[%clk 01:25:57]} {[%emt 00:01:24]} e6 {[%clk 00:36:02]}
{[%emt 00:08:51]} 13. Nxe5 {[%clk 01:17:24]} {[%emt 00:09:01]} Bxe5 {[%clk
00:36:08]} {[%emt 00:00:25]} 14. f4 {[%clk 01:17:45]} {[%emt 00:00:09]} Bg7
{[%clk 00:34:18]} {[%emt 00:02:20]} 15. Bd2 {[%clk 01:15:45]} {[%emt 00:02:31]}
Qh4 {[%clk 00:33:53]} {[%emt 00:00:55]} 16. Qf3 {[%clk 01:14:20]} {[%emt
00:01:54]} h5 {[%clk 00:29:47]} {[%emt 00:04:37]} 17. Rf1 {[%clk 01:13:34]}
{[%emt 00:01:14]} exd5 {[%clk 00:29:30]} {[%emt 00:00:48]} 18. cxd5 {[%clk
01:03:57]} {[%emt 00:10:05]} Bg4 {[%clk 00:27:49]} {[%emt 00:02:13]} 19. Be1
{[%clk 01:04:06]} {[%emt 00:00:21]} Bxf3 {[%clk 00:26:10]} {[%emt 00:02:09]}
20. Bxh4 {[%clk 01:04:33]} {[%emt 00:00:04]} Bxc3 {[%clk 00:26:05]} {[%emt
00:00:34]} 21. Rxf3 {[%clk 01:05:01]} {[%emt 00:00:03]} Bg7 {[%clk 00:23:18]}
{[%emt 00:03:18]} 22. Raf1 {[%clk 01:00:54]} {[%emt 00:04:35]} f6 {[%clk
00:21:37]} {[%emt 00:02:13]} 23. R3f2 {[%clk 00:54:43]} {[%emt 00:06:40]} Kh7
{[%clk 00:15:13]} {[%emt 00:06:55]} 24. g4 {[%clk 00:54:24]} {[%emt 00:00:48]}
hxg4 {[%clk 00:13:03]} {[%emt 00:02:41]} 25. hxg4 {[%clk 00:54:52]} {[%emt
00:00:01]} Rh8 {[%clk 00:13:02]} {[%emt 00:00:30]} 26. Kg2 {[%clk 00:53:32]}
{[%emt 00:01:50]} Kg8 {[%clk 00:13:11]} {[%emt 00:00:23]} 27. Bg3 {[%clk
00:53:43]} {[%emt 00:00:19]} Rd8 {[%clk 00:12:34]} {[%emt 00:01:07]} 28. a4
{[%clk 00:46:48]} {[%emt 00:07:25]} f5 {[%clk 00:10:59]} {[%emt 00:02:05]} 29.
exf5 {[%clk 00:46:55]} {[%emt 00:00:23]} Nxd5 {[%clk 00:11:18]} {[%emt
00:00:12]} 30. Bc4 {[%clk 00:47:20]} {[%emt 00:00:05]} Kf8 {[%clk 00:10:17]}
{[%emt 00:01:31]} 31. Bxd5 {[%clk 00:47:40]} {[%emt 00:00:09]} gxf5 {[%clk
00:10:30]} {[%emt 00:00:17]} 32. gxf5 {[%clk 00:47:11]} {[%emt 00:00:59]} Rd7
{[%clk 00:10:24]} {[%emt 00:00:36]} 33. Re1 {[%clk 00:46:57]} {[%emt 00:00:43]}
Bf6 {[%clk 00:10:26]} {[%emt 00:00:28]} 34. Rfe2 {[%clk 00:45:44]} {[%emt
00:01:43]} Rd8 {[%clk 00:09:01]} {[%emt 00:01:55]} 35. Rh1 {[%clk 00:43:28]}
{[%emt 00:02:46]} Rxh1 {[%clk 00:08:43]} {[%emt 00:00:49]} 36. Kxh1 {[%clk
00:43:57]} {[%emt 00:00:01]} Rd7 {[%clk 00:08:35]} {[%emt 00:00:38]} 37. Rh2
{[%clk 00:43:42]} {[%emt 00:00:46]} a6 {[%clk 00:08:07]} {[%emt 00:00:58]} 38.
Rh6 {[%clk 00:43:52]} {[%emt 00:00:19]} Bxb2 {[%clk 00:07:41]} {[%emt
00:00:56]} 39. f6 {[%clk 00:43:59]} {[%emt 00:00:23]} b5 {[%clk 00:07:26]}
{[%emt 00:00:44]} 40. Rh8# {[%clk 00:44:23]} {[%emt 00:00:06]} 1-0

[Event "DVM U20 2023"]
[Site "Magdeburg GER"]
[Date "2023.12.27"]
[Round "1"]
[White "Reimer, Philip"]
[Black "Leonard, Timo"]
[Result "1/2-1/2"]
[Termination "normal"]
[Board "6.1"]
[WhiteElo "2152"]
[BlackElo "2170"]
[WhiteClock "00:00:34"]
[BlackClock "00:01:47"]
[WhiteTeam "SK Lehrte 1919"]
[BlackTeam "SV Hemer 1932"]
[PlyCount "75"]
[WhiteFideId "16235860"]
[BlackFideId "16208757"]
[EventCountry "GER"]
[EventRounds "7"]
[EventType "team-swiss"]
[EventDate "2023.12.26"]

1. e4 {[%clk 01:30:55]} {[%emt 00:00:05]} e6 {[%clk 01:30:55]} {[%emt
00:00:06]} 2. d4 {[%clk 01:31:20]} {[%emt 00:00:05]} d5 {[%clk 01:31:23]}
{[%emt 00:00:03]} 3. Nc3 {[%clk 01:31:43]} {[%emt 00:00:06]} Nf6 {[%clk
01:31:50]} {[%emt 00:00:03]} 4. Bg5 {[%clk 01:32:05]} {[%emt 00:00:08]} dxe4
{[%clk 01:32:17]} {[%emt 00:00:04]} 5. Nxe4 {[%clk 01:32:25]} {[%emt 00:00:09]}
Be7 {[%clk 01:32:45]} {[%emt 00:00:02]} 6. Bxf6 {[%clk 01:31:57]} {[%emt
00:00:59]} gxf6 {[%clk 01:32:43]} {[%emt 00:00:32]} 7. g3 {[%clk 01:27:34]}
{[%emt 00:04:53]} f5 {[%clk 01:31:22]} {[%emt 00:01:51]} 8. Nc3 {[%clk
01:27:56]} {[%emt 00:00:07]} c6 {[%clk 01:27:37]} {[%emt 00:04:15]} 9. Bg2
{[%clk 01:20:13]} {[%emt 00:08:14]} Nd7 {[%clk 01:26:40]} {[%emt 00:01:27]} 10.
Nge2 {[%clk 01:16:47]} {[%emt 00:03:56]} Rb8 {[%clk 01:16:52]} {[%emt
00:10:18]} 11. O-O {[%clk 00:58:28]} {[%emt 00:18:48]} Nf6 {[%clk 01:03:30]}
{[%emt 00:13:52]} 12. Nf4 {[%clk 00:47:46]} {[%emt 00:11:12]} Qd6 {[%clk
00:46:54]} {[%emt 00:17:06]} 13. a4 {[%clk 00:44:56]} {[%emt 00:03:21]} b6
{[%clk 00:44:26]} {[%emt 00:02:59]} 14. Re1 {[%clk 00:38:47]} {[%emt 00:06:38]}
Bb7 {[%clk 00:42:58]} {[%emt 00:01:58]} 15. Qe2 {[%clk 00:33:52]} {[%emt
00:05:26]} O-O {[%clk 00:40:00]} {[%emt 00:03:27]} 16. Rad1 {[%clk 00:18:02]}
{[%emt 00:16:20]} Rfe8 {[%clk 00:38:29]} {[%emt 00:02:01]} 17. h3 {[%clk
00:08:26]} {[%emt 00:10:06]} Bf8 {[%clk 00:33:30]} {[%emt 00:05:29]} 18. Nh5
{[%clk 00:05:54]} {[%emt 00:03:02]} Qe7 {[%clk 00:25:22]} {[%emt 00:08:37]} 19.
Kh2 {[%clk 00:02:23]} {[%emt 00:04:02]} Rbd8 {[%clk 00:22:24]} {[%emt
00:03:28]} 20. Nf4 {[%clk 00:02:09]} {[%emt 00:00:45]} Qb4 {[%clk 00:20:17]}
{[%emt 00:02:36]} 21. Nd3 {[%clk 00:00:41]} {[%emt 00:01:58]} Qxd4 {[%clk
00:08:28]} {[%emt 00:12:20]} 22. Ne5 {[%clk 00:00:39]} {[%emt 00:00:32]} Qc5
{[%clk 00:07:04]} {[%emt 00:01:54]} 23. f4 {[%clk 00:00:36]} {[%emt 00:00:33]}
Rxd1 {[%clk 00:04:03]} {[%emt 00:03:30]} 24. Rxd1 {[%clk 00:01:04]} {[%emt
00:00:02]} Bg7 {[%clk 00:03:19]} {[%emt 00:01:14]} 25. Bf3 {[%clk 00:00:37]}
{[%emt 00:00:57]} Nd5 {[%clk 00:02:43]} {[%emt 00:01:05]} 26. Nxf7 {[%clk
00:00:49]} {[%emt 00:00:19]} Kxf7 {[%clk 00:02:05]} {[%emt 00:01:09]} 27. Bh5+
{[%clk 00:01:12]} {[%emt 00:00:07]} Ke7 {[%clk 00:00:56]} {[%emt 00:01:40]} 28.
Bxe8 {[%clk 00:00:45]} {[%emt 00:00:56]} Bxc3 {[%clk 00:00:37]} {[%emt
00:00:49]} 29. bxc3 {[%clk 00:00:39]} {[%emt 00:00:36]} Kxe8 {[%clk 00:01:02]}
{[%emt 00:00:06]} 30. c4 {[%clk 00:00:32]} {[%emt 00:00:36]} Ne7 {[%clk
00:00:40]} {[%emt 00:00:52]} 31. Rd2 {[%clk 00:00:39]} {[%emt 00:00:23]} Kf7
{[%clk 00:00:34]} {[%emt 00:00:36]} 32. Qh5+ {[%clk 00:00:58]} {[%emt
00:00:11]} Kf6 {[%clk 00:00:48]} {[%emt 00:00:16]} 33. Qxh7 {[%clk 00:00:39]}
{[%emt 00:00:50]} Qe3 {[%clk 00:00:47]} {[%emt 00:00:32]} 34. Qh6+ {[%clk
00:00:48]} {[%emt 00:00:20]} Kf7 {[%clk 00:00:54]} {[%emt 00:00:22]} 35. Qh7+
{[%clk 00:00:46]} {[%emt 00:00:32]} Kf6 {[%clk 00:01:16]} {[%emt 00:00:07]} 36.
Qh6+ {[%clk 00:00:37]} {[%emt 00:00:40]} Kf7 {[%clk 00:01:37]} {[%emt
00:00:12]} 37. Qh7+ {[%clk 00:00:36]} {[%emt 00:00:29]} Kf6 {[%clk 00:01:47]}
{[%emt 00:00:20]} 38. Qh6+ {[%clk 00:00:34]} {[%emt 00:00:32]} 1/2-1/2